Städte und Gemeinden im Heidekreis mit Karte - Statistiken

Allgemein
  • Dieses Quiz wurde 144 mal gespielt
  • Das Durchschnittsergebnis liegt bei 13 aus 22
Antworten auf der Karte
Die Antworten werden auf der Karte rot bzw. grün angezeigt, abhängig davon wie oft sie richtig erraten wurden.
 
Antwortstatistiken
Stadt oder Gemeinde % Korrekt
Soltau
91%
Walsrode
85%
Bad Fallingbostel
81%
Munster
80%
Bispingen
78%
Schneverdingen
76%
Hodenhagen
70%
Schwarmstedt
65%
Neuenkirchen
57%
Rethem (Aller)
57%
Wietzendorf
56%
Lindwedel
52%
Ahlden (Aller)
50%
Buchholz (Aller)
50%
Essel
46%
Grethem
44%
Eickeloh
43%
Hademstorf
41%
Böhme
39%
Gilten
39%
Frankenfeld
37%
Häuslingen
37%
Keine übereinstimmenden Quizze gefunden
Verteilung der Resultate
Anzahl Personen mit jedem Resultat
Perzentil nach korrekt beantworteten Fragen
Ihre Resultats-Entwicklung
Sie haben dieses Quiz noch nicht gespielt